000 00712nam a22001577a 4500
003 OSt
005 20151106084705.0
008 151106b xxu||||| |||| 00| 0 eng d
040 _cRUA
082 _aFOR CHH 2002 B128 Or.1
100 _93425
_aCHHIN, CHHUNHOIR.
245 _aForestry management with participation from local people in angpraleng area, odong district, kampong speu province (ការគ្រប់គ្រងព្រៃឈើដោយមានការចូលរួមនៅតំបន់អង្គព្រលឺងស្រុកឧត្តុង្គខេត្តកំពង់ស្ពឺ)
260 _aPhnom Penh
_bRUA
_c2002
300 _a70p.
_bill.
_c29cm.
942 _2ddc
_cFOR
999 _c3195
_d3195